000 00619nam a2200181 ar4500
001 2710
005 20221127090545.0
008 120104s xxka 00010|eng d
020 _a0194379825(teacher's bk) :
_cSR38.00
082 0 4 _a428.2402465
_bAp52 2002
100 1 _aAppleby, Rachel.
245 1 0 _aBusiness vision /
_cRachel Appleby ; tests by Mark Dudley.
260 _aOxford ;
_aNew York :
_bOxford University Press,
_c2002.
300 _a96 p. :
_bill. ;
_c28 cm.
440 0 _aOxford business English.
650 4 _aEnglish language
_xBusiness English.
650 4 _aEnglish language
_vTextbooks for foreign speakers.
999 _c2708
_d2708